000 00592nam a2200229Ia 4500
003 OSt
005 20220918202611.0
006 a|||||r|||| 00| 0
007 ta
008 220917b |||||||| |||| 00| 0 eng d
024 _a102,472
037 _cTextual
040 _aARTS
_cARTS
_beng
041 _2eng
_aeng
082 _aV25244:1:J3, K9
100 _aBhatia Hansaraj
_9104539
245 0 _aFatehpur Sikri is a Hindu city
260 _aNA
_bNA
_c1969
650 _aHISTORY
942 _hV25244:1:J3, K9
_cTEXL
_2CC
999 _c225926
_d225926